000 00299 a2200145 4500
001 185391
020 _a
040 _cMagnum
100 _aRegina, Tia
240 1 0 _aO vaqueiro voador
_lpor
245 1 0 _aO vaqueiro voador
300 _a15
697 _aLITERATURA INFANTO-JUVENIL
942 _cBK
999 _c185391
_d185391